| Tag |
First Indicator |
Second Indicator |
Subfields |
| LEADER |
00000cam a2200000 4500 |
| 001 |
in00000010989 |
| 005 |
20151007051950.0 |
| 008 |
720628s1963 ne af b 00110 eng |
| 010 |
|
|
|a 64005123
|
| 035 |
|
|
|a (OCoLC)00344560
|
| 035 |
|
|
|9 AAA5658AM
|
| 040 |
|
|
|a DLC
|c CCL
|d OCL
|d m/c
|d TXA
|d UtOrBLW
|
| 049 |
|
|
|a TXAM
|c [A11054302]
|
| 050 |
|
4 |
|a DS111
|b .F7
|
| 100 |
1 |
|
|a Franken, H. J.
|q (Hendricus Jacobus),
|d 1917-2005.
|
| 245 |
1 |
2 |
|a A primer of Old Testament archaeology /
|c by H. J. Franken and C. A. Franken-Battershill.
|
| 264 |
|
1 |
|a Leiden :
|b E.J. Brill,
|c 1963.
|
| 300 |
|
|
|a xiv, 179 pages, 28 unnumbered pages of plates :
|b illustrations ;
|c 25 cm.
|
| 336 |
|
|
|a text
|b txt
|2 rdacontent
|
| 337 |
|
|
|a unmediated
|b n
|2 rdamedia
|
| 338 |
|
|
|a volume
|b nc
|2 rdacarrier
|
| 504 |
|
|
|a Bibliographical footnotes.
|
| 650 |
|
0 |
|a Excavations (Archaeology)
|z Palestine.
|
| 630 |
|
0 |
|a Bible
|x Antiquities.
|
| 700 |
1 |
|
|a Franken-Battershill, C. A.
|
| 999 |
|
|
|a MARS
|
| 999 |
f |
f |
|s c9ac08ac-a55c-3cf1-ab86-7e808fca0444
|i e9d83b7f-5f96-3789-a9bb-a41d648c0a90
|t 0
|
| 952 |
f |
f |
|p ric
|a Texas A&M University
|b Rellis Campus
|c Joint Library Facility
|d Remote Storage
|t 0
|e DS111 .F7
|h Library of Congress classification
|i unmediated -- volume
|m A14811054302
|
| 998 |
f |
f |
|a DS111 .F7
|t 0
|l Remote Storage
|